Počtovnica pre 5. postupný ročník ľudových škôl

Bibliographic Details
Main Authors: Masár, Fridrich, 1903-1973 (Author), Šteinhíbel, Michal, 1901-1988 (Author), Vencel, Peter, 1886-1968 (Author)
Format: Book
Language:Slovak
PhysicalDescription:160, [5] s. ilustr. V. 8°
Published: Bratislava Štátne nakladateľstvo 1947
Subjects:

MARC

LEADER 00000cam a2200000 a 4500
001 vtls008384733
003 SK-MaSNL
005 20260301075504.0
008 250312s1947 xo 000 0 slo
015 |a SNBA19451955-007285 
035 |a SK01SNKBKSFS20010076950 
035 |a urn:nbn:sk:snk-am3hrna 
035 |a A9B57AF0-133F-47A2-92BC-76E1AA3FE603 
035 |a urn:nbn:sk:snk-am00d6ui 
035 |a SKM000079413 
040 |a SNK  |b slo  |c SNK  |e AACR2 
041 0 |a slo 
044 |a xo  |c SK 
080 |a 372(075)  |2 1981 
100 1 |a Masár, Fridrich,  |d 1903-1973  |4 aut  |9 180661 
245 1 0 |a Počtovnica pre 5. postupný ročník ľudových škôl  |c F. Masár, M. Šteinhíbel, P. Vencel 
260 |a Bratislava  |b Štátne nakladateľstvo  |c 1947  |e Žilina  |f Pravda 
300 |a 160, [5] s.  |b ilustr.  |c V. 8° 
650 0 7 |a matematika  |2 SNKPH  |9 70174 
655 7 |a učebnice základných škôl  |2 SNKPH  |9 70187 
700 1 |a Šteinhíbel, Michal,  |d 1901-1988  |4 aut  |9 37664 
700 1 |a Vencel, Peter,  |d 1886-1968  |4 aut  |9 173599 
852 |a Slovenská národná knižnica 
958 |a OND 
958 |a RK 
958 |a TL 
999 |c 650366  |d 652296 
952 |a SNK  |b SNK  |y VYP  |7 0  |p 17A0572831  |o snkSD 5880 D2  |i snkF 7594/63  |8 5  |0 0  |1 0  |4 0  |d 2008-03-04  |l 0  |r 2026-02-23 18:20:37  |w 2026-02-23 
952 |a SNK  |b SNK  |y VYP  |7 0  |p 17A0572832  |o snkSD 5880 D1  |i snkV. 335/56  |0 0  |1 0  |4 0  |d 2008-03-04  |l 0  |r 2026-02-23 18:20:37  |w 2026-02-23 
952 |a SNK  |b SNK  |y PREZ  |7 0  |p 17A0909556  |o snkSD 5880  |i snk3486/48  |0 0  |1 0  |4 0  |d 2018-11-27  |f 1  |l 0  |r 2025-11-13 00:00:00  |w 2026-02-23